| 000 | 01039nam a2200265Ia 4500 | ||
|---|---|---|---|
| 003 | GCL | ||
| 008 | 140319s9999 xx 000 0 ara d | ||
| 020 | _a628208977 | ||
| 040 |
_aGCL / _cGCL |
||
| 082 | 0 | 4 |
_aق _b328.0962 _bع إ |
| 100 | 1 | _aعبدالله سامى ابراهيم الدلال | |
| 245 | 1 | 0 |
_aالاسلاميون والديمقراطية فى مصر : _bعصف ورميم / _cعبدالله سامى ابراهيم الدلال |
| 250 | _aالاولى | ||
| 260 |
_aالقاهرة : _bمكتبة مدبولى ، _c2007 |
||
| 300 |
_a324 ص ؛ _c24 سم |
||
| 650 | 0 | 4 | _aمصر - الهيئات التشريعية |
| 650 | 0 | 4 | _aحسن البنا |
| 650 | 0 | 4 | _aالانتخابات - مصر |
| 650 | 0 | 4 | _aمصر - الدستور |
| 650 | 0 | 4 | _aالديمقراطية - مصر |
| 650 | 0 | 4 | _aالاخوان المسلمون - مصر |
| 650 | 0 | 4 | _aمصر - الهيئات التشريعية - الجماعات الضاغطة |
| 650 | 0 | 4 | _aالشريعة الاسلامية - تاريخ - مصر |
| 942 |
_2ddc _cBK |
||
| 999 |
_c9513 _d9513 |
||